000 00525nam a22001817a 4500
005 20251202104419.0
008 251201b |||||||| |||| 00| 0 eng d
040 _aMAIN
082 _a340
_bD132D
100 _aDagar, Monika
245 _aDissertation on impact of IPO grading on market performance in short term and long term
260 _bMDU Centre for Professional and Allied Studies, Gurugram
_c2024
300 _a92
650 _aLaw
650 _aMarket Performance
700 _aKailash, Kumar
942 _cTH
999 _c394088
_d394088